00422 a2200109 4500001001000000005001700010008004100027245012800068100002700196700002100223773006800244ART_3819120260410161803.0260409a 10aLa acción concursal de responsabilidad de administradores y terceros y el nuevo Código Civil y Comercial de la Nación1 aJunyent Bas, Francisco1 aFerrero, Luis F.0 tDoctrina Societaria y Concursalg- Nº 335 (oct. 2015)wREV4298